Statistics for Genre to Artist/Band (Hard)

Click here to take the quiz!

General Stats

  • This quiz has been taken 3 times
  • The average score is 5 of 20

Answer Stats

Artist/BandGenre% Correct
MC FrontalotNerdcore
67%
Horse the BandNintendocore
67%
Lonnie DoneganSkiffle
33%
BathoryViking metal
33%
HordeUnblack metal
33%
Professor ElementalChap hop
33%
Teresa TengC-pop
33%
OrchidScreamo
33%
Trío MatamorosSon cubano
33%
Bikini KillRiot grrrl
33%
Jean "Django" ReinhardtGypsy jazz
33%
Toby KeithTruck-driving country
33%
Big Bad Voodoo DaddySwing revival
0%
AlphabeatWonky pop
0%
Daniel SavioSkweee
0%
DJ GodfatherGhettotech
0%
Teddy RileyNew jack swing
0%
Mr RawIgbo rap
0%
Manolis ChiotisLaïko
0%
Steve RodenLowercase
0%

Score Distribution

Percentile by Number Answered

Percent of People with Each Score

Your Score History

You have not taken this quiz